Culture Générale - Série 1943 - Statistiques

Statistiques générales
  • Ce quiz a été pris 75 fois
  • Le résultat moyen est 3 sur 10
Statistiques - réponses
Question Réponse % Correct
Dans la mythologie grecque, quelle est la déesse de la Chasse ? Artémis
57%
Liqueur très douce et sucrée, au goût prononcé d'amandes, originaire d'Italie amaretto
54%
Dans quelle pièce de Molière trouve-t-on cette réplique "Couvrez ce sein que je ne saurais voir ? Tartuffe
42%
Dans la plupart des grands lacs européens on trouve un poisson appelé "omble .... chevalier
40%
Dans quel département français se trouve la ville d'Ugine ? Savoie
32%
Comment s'appelle la croix de Saint-Antoine ? voir photo tau
31%
Quel était le prénom de l'écrivain De La Boétie (1530-1563) ? Etienne
24%
Quel rivière traverse la ville française de Libourne ? Isle
18%
En astronomie, ce terme désigne un objet céleste composé de gaz raréfié, ionisé ou de poussières interstellaires. nébuleuse
10%
La sous-cape recouvrant le noyau du cigare est appelée ..... tripe
3%
Aucun quiz correspondant
Distribution des résultats
% des personnes avec chaque résultat
Percentile par nombre de réponses
Votre historique - résultats
Vous n’avez pas pris ce quiz